000 00609nam a22001937a 4500
003 OSt
005 20240614122428.0
008 240614b |||||||| |||| 00| 0 eng d
020 _a0521785146
040 _cMUST,
082 _a510 ANT 2000.
100 _aMartin Anthony...(et al)
_917225
245 _aMathematics for Economics and Finance/
_bMathods and Modelling,
_cMartin Anthony...(et al)
260 _aNew York,
_bCambridge University,
_c2000.
300 _a394.:
_bill,;
_c22.7cm.
504 _aIncludes Bibliographical indexes.
650 _2Economics and Finance,
_aMathematics.
942 _2ddc
_cO_SHELF
999 _c8476
_d8476